วิทยาลัยพยาบาลบรมราชชนนี ยะลา
ระบบห้องสมุดอัตโนมัติ ULIBM BCNYALA - V.6
เปลี่ยนเป็นภาษาไทย

Change to English
 แสดงรายละเอียดบรรณานุกรม
  กลับหน้าหลัก

Brief Record : Get Marc (ISO 2709) : E-mail record : QR code ปิดหน้าต่าง
E-books : เกี่ยวกับ Collections
LEADER 00000nam 2200000uu 4500
001    3829
003     ULIBM
008    260327s2568||||th 000 0 tha d
020    ^a9786168224694
050 00 ^aBF637^bน423ฉ
100 0  ^aนันทพล พงศ์รัตนามาน
245 10 ^aฉลาดใช้ชีวิตแบบคน 1% =^bThe life intelligence /^cนันทพล พงศ์รัตนามาน, เขียน
246 31 ^aThe life intelligence.
260    ^aกรุงเทพฯ :^bI am the best,^c2568
300    ^a221 หน้า :^bภาพประกอบ
650  4 ^aการดำเนินชีวิต^xแง่จิตวิทยา
650  4 ^aจิตวิทยาประยุกต์
999    ^aอีมาน
รายการนี้ยังไม่มีแท็ก
คุณยังไม่ได้ล็อกอิน คุณสามารถมีกิจกรรมร่วมกับเว็บไซต์ได้ แต่ต้องล็อกอินก่อน ::
  ล็อกอิน
ลำดับที่ ประเภท เลขเรียก สถานที่ สถานะ
1. หนังสือทั่วไป
หนังสือทั่วไป
BF637 น423ฉ 2568 ฉ.1 
  
ห้องสมุดวพบ.ยะลา
►หนังสือทั่วไปภาษาไทย
On Shelf
   [แสดง 1/1 รายการ]

รายการใกล้เคียง
    หัวเรื่อง [จิตวิทยาประยุกต์]

BibComment


ยังไม่เคยถูกคอมเมนท์

คอมเมนท์ทรัพยากรรายการนี้
  คอมเมนท์: ฉลาดใช้ชีวิตแบบค..
Bib 3829

 
 
 

 Union Library Management : ULibM

ดูหนังออนไลน์

Copyright 2026. All Rights Reserved.